Pobreza, desigualdad social y ciudadanía: los límites de las políticas sociales en América Latina. Parte América Latina: Pobreza y desigualdad social /

Spremljeno u:
Bibliografski detalji
Glavni autor: Ziccardi, Alicia
Daljnji autori: comp
Format: Nepoznato
Izdano: Buenos Aires: CLACSO. ASDI
Teme:
Oznake: Dodaj oznaku
Bez oznaka, Budi prvi tko označuje ovaj zapis!

MARC

LEADER 00000 a2200000 04500
001 19280
003
008 991231s d
040
090 |a 145605  
100 |a Ziccardi, Alicia  
245 |a Pobreza, desigualdad social y ciudadanía: los límites de las políticas sociales en América Latina. Parte América Latina: Pobreza y desigualdad social /  |c Alicia Ziccardi  
260 |a Buenos Aires:   |b CLACSO. ASDI  
300 |a 462 p  
500 |a Disponible en Cd, en No. 194101  
650 |a CONDICIONES ECONOMICAS  
650 |a REFORMA ECONOMICA  
650 |a DESIGUALDAD ECONOMICA  
650 |a CONDICIONES DE VIDA  
650 |a NIVEL DE VIDA  
650 |a BENEFICIOS MARGINALES  
650 |a NIVEL DE VIDA  
650 |a INGRESOS DE HOGARES  
700 |a comp  
999 |c 10388  |d 10388